| 000 | 00615nam a2200205Ia 4500 | ||
|---|---|---|---|
| 008 | 191130s2002##################000#0#eng## | ||
| 020 | _a9780521589253 | ||
| 022 | _a2002073752 | ||
| 040 |
_aACL _cACL |
||
| 082 | _a320.1 SKI | ||
| 100 | _aSkinner, Quentin | ||
| 245 |
_aVisions of politics _cQuentin Skinner |
||
| 260 |
_aCambridge _bCambridge University Press _cc2002 |
||
| 300 | _axix, 461p. ; 24 cm | ||
| 500 | _aIncludes bibliographical references and index | ||
| 650 | _aPolitical science -- Philosophy | ||
| 990 | _a7ce9f219ac10000c4ca0a942c96d6b48 | ||
| 991 | _a192923 | ||
| 999 |
_c411642 _d411642 |
||